000
00195 a2200097 4500
020
_a
9788430560714
041
_a
spa
100
_a
Lecrercq, Jean paul
245
_a
Peluso y la Cometa
942
_c
BK
999
_c
31728
_d
31726